School Terms in Spanish - Statistics

General Stats
  • This quiz has been taken 19 times
  • The average score is 24 of 46
Answer Stats
Hint Answer % Correct
student estudiante
100%
pencil lápiz
89%
paper papel
89%
television televisión
89%
pen bolígrafo
78%
class clase
78%
computer computadora
78%
exam examen
78%
table mesa
78%
male teacher profesor
78%
female teacher profesora
78%
telephone teléfono
78%
calculator calculadora
67%
female teacher maestra
67%
male teacher maestro
67%
backpack mochilla
67%
door puerta
67%
chair silla
67%
homework tarea
67%
board eraser borrador
56%
calendar calendario
56%
notebook cuaderno
56%
marker marcador
56%
grades notas
56%
pen pluma
56%
scissors tijeras
56%
window ventana
56%
flag bandera
44%
folder carpeta
44%
light luz
44%
girl muchacha
44%
boy muchacho
44%
students desk pupitre
44%
clock reloj
44%
pencil sharpener sacapuntas
44%
teachers desk escritorio
22%
bookshelf estante de libros
22%
pencil eraser goma
22%
stapler grapadora
22%
map mapo
22%
whiteboard pizarra
22%
trash bin basura
11%
roll of scotch tape cinta adhesiva
11%
paper clip clip
11%
staples grapas
11%
notes apuntes
0%
No matching quizzes found
Score Distribution
Percent of People with Each Score
Percentile by Number Answered
Your Score History
You have not taken this quiz